US Presidents by Lowest Popular Vote Percentage - Statistics

General Stats
  • This quiz has been taken 24 times
  • The average score is 6 of 8
Answer Stats
Percentage Earned Margin of Victory President-Elect % Correct
46.09% -2.09% Donald Trump
100%
39.65% 10.13% Abraham Lincoln
83%
43.01% 5.56% Bill Clinton
83%
30.92% -10.44% John Quincy Adams
70%
43.42% 0.70% Richard Nixon
70%
41.84% 14.44% Woodrow Wilson
65%
46.02% 3.01% Grover Cleveland
57%
45.29% 12.20% James Buchanan
57%
No matching quizzes found
Score Distribution
Percent of People with Each Score
Percentile by Number Answered
Your Score History
You have not taken this quiz